Joueurs passés par Barcelone et le Real Madrid - Statistiques

Statistiques générales
  • Ce quiz a été pris 49 fois
  • Le résultat moyen est 3 sur 29
Statistiques - réponses
Joueur Poste Barcelone Madrid % Correct
Luis Figo ATT 1995-2000 2000-2005
98%
Ronaldo ATT 1996-1997 2002-2007
66%
Samuel Eto'o ATT 2004-2009 1998-2000
55%
Luis Enrique MIL 1996-2004 1991-1996
45%
Michael Laudrup MIL 1989-1994 1994-1996
18%
Javier Saviola ATT 2001-20042006-2007 2007-2009
14%
Dani Garcia ATT 1999-2004 1997-1998
9%
Marcos Alonso DEF 2022-2024 2009-2010
9%
Bernd Schuster MIL 1980-1988 1988-1990
5%
Julen Lopetegui GB 1994-1997 1989-1991
5%
Albert Celades MIL 1995-1999 2000-20032004-2005
2%
Alfonso ATT 2000-2002 1991-1995
2%
Gheorghe Hagi MIL 1994-1996 1990-1992
2%
Luis Milla MIL 1984-1990 1990-1997
2%
Ricardo Zamora GB 1919-1922 1930-1936
2%
Robert Prosinecki MIL 1995-1996 1991-1994
2%
Alfonso Navarro ATT 1946-19501954-1956 1950-1951
0%
Amador GB 1980-1986 1976-1978
0%
Chus Pereda MIL 1961-1969 1958-1959
0%
Evaristo ATT 1957-1962 1962-1965
0%
Fernand Goyvaerts ATT 1962-1965 1965-1967
0%
Hilario MIL 1939-1940 1931-1936
0%
Joaquin Navarro DEF 1941-1942 1949-1957
0%
Josep Canal MIL 1946-1951 1945-1946
0%
Josep Samitier ATT 1919-1932 1932-1934
0%
Justo Tejada ATT 1952-1961 1961-1963
0%
Lucien Muller MIL 1965-1968 1962-1965
0%
Miquel Soler DEF 1988-19911992-1993 1995-1996
0%
Nando DEF 1990-1992 1992-1996
0%
Aucun quiz correspondant
Distribution des résultats
% des personnes avec chaque résultat
Percentile par nombre de réponses
Votre historique - résultats
Vous n’avez pas pris ce quiz